000
00320nam a2200121Ia 4500
008
210428s9999 xx 000 0 und d
082
_a
621.3 K1911 P
100
_a
S O Kasap
_9
52136
245
0
_a
Principles of electronic Materials and Devices
260
_b
McGraw Hill
_a
Boston
_c
2002
300
_a
745p.
942
_c
BK
999
_c
559899
_d
559899